000 00770cam a22002893 4500
001 94024
005 20230410130921.0
008 880509s1970 ag 000 0 spa d
035 _a(OCoLC)ocn559640086
040 _aUKMGB
_cUKMGB
016 7 _a000791404
_2Uk
035 _a(OCoLC)559640086
050 1 4 _aPQ 7797
_bC827r 1970
049 _aGRAL
100 1 _aCortázar, Julio,
_d1914-1984.
245 1 4 _aLos reyes /
_cJulio Cortázar.
250 _a2a ed.
260 _aBuenos Aires :
_bEditorial Sudamericana,
_c1970.
300 _a75p. 18 cm.
490 1 _aColección índice.
650 0 _aArgentine literature
_y20th century.
650 4 _aCES
650 4 _aColección Enriquillo Sánchez
942 _2lcc
_cbk
994 _aC0
_bDRFGD
946 _aJP
999 _c82702
_d82702